000 00996nam a22001937a 4500
003 OSt
005 20251120164147.0
008 251120b |||||||| |||| 00| 0 eng d
040 _cDCL
082 _a၂၉၄.၃၈၂၂၅
130 _aတိပိဋက။
_pဝိနယပိဋက။
_tပရိဝါရ၊
_lအဋ္ဌကထာ၊
_sနိဿယ။
245 _aပရိဝါအဋ္ဌကထာနိဿယ /
_cရွှေဥမင်ဆရာတော်ဘုရားကြီး။
250 _aဒုတိယအကြိမ်။
264 _aရန်ကုန် ၊
_bဣစ္ဆသယပိဋကတ်ပုံနှိပ်တိုက်၊
_c၁၉၇၆။
300 _aဇ၊ ၂၈၆ စာမျက်နှာ ၊
_c၂၅ စင်တီ။
650 _aပရိဝါ
_vအဋ္ဌကထာနိဿယ။
700 _aရွှေဥမင်ဆရာတော်ဘုရားကြီး။
942 _2ddc
_cSHORT TERM
_n0
999 _c2555
_d2555